000 00906nam a22002417a 4500
008 240605b mp ||||| |||| 00| 0 mon d
020 _a9789997318435
035 _a25499
040 _aHE0623081
_bmon
_cMN-UlNLM
_dMN-UlNLM
_erda
041 _amon
042 _a59341
084 _2NNA
_a84(5Мон)-44
_bН.282
100 _aНанжид Б., Энх-Оюун Б.
245 0 _aСарны үлгэр
264 _aУБ.
_bМонсудар
_c2022
300 _a32х.
336 _2rdacontent
_atext
_btxt
337 _2rdamedia
_aunmediated
_bn
338 _2rdacarrier
_avolume
_bnc
650 _aЭрх танхил нэгэн хүү усанд явжээ. Голын эрэг дээр өдөржин тоглоод орой болсныг ч анзаарсангүй. Хүү харих замдаа тэнгэрт мэлтийх ...
942 _2NNA
_cBK
999 _c895191
_d895248